[Event "ESP-chT CECLUB Div1"]
[Site "Linares"]
[Date "2023.08.24"]
[Round "5.4"]
[White "Matnadze, Ana"]
[Black "Garcia Gimenez, Santiago"]
[Result "1-0"]
[WhiteElo "2402"]
[BlackElo "2180"]
[PlyCount "105"]
[EventDate "2023.08.20"]
[EventType "team-tourn"]
[EventRounds "7"]
[EventCountry "ESP"]
[SourceTitle "CBM 215 Extra"]
[Source "ChessBase"]
[SourceDate "2023.09.30"]
[SourceVersion "1"]
[SourceVersionDate "2023.09.30"]
[SourceQuality "1"]
[WhiteTeam "Benalmadena Medio Ambiente"]
[BlackTeam "Xeraco CE"]
[WhiteTeamCountry "ESP"]
[BlackTeamCountry "ESP"]

1. d4 Nf6 2. g3 g6 3. Bg2 Bg7 4. Nf3 0-0 5. 0-0 d5 6. c4 dxc4 7. Na3 a5 8. Nxc4 Be6 9. b3 Bd5 10. Bb2 Nc6 11. Ne3 Be4 12. a3 Qc8 13. Qc1 Rd8 14. Rd1 h6 15. Ne5 Bxg2 16. Kxg2 Qe6 17. Qc4 Qxc4 18. N3xc4 Nxe5 19. Nxe5 Nd7 20. f4 Nxe5 21. fxe5 e6 22. Rdc1 Rd7 23. Kf3 Bf8 24. Ke4 c5 25. a4 Ra6 26. Bc3 Rc6 27. e3 b6 28. Bd2 Rdc7 29. Kd3 Bg7 30. Rc4 Rd7 31. Ke2 Rc8 32. Rac1 Rcd8 33. Bc3 Bf8 34. Rc2 Rd5 35. e4 R5d7 36. dxc5 bxc5 37. Bxa5 Rb8 38. Rb2 Rdb7 39. Kd3 Rxb3+ 40. Rxb3 Rxb3+ 41. Bc3 Be7 42. a5 Rb7 43. Ra4 Kf8 44. a6 Ra7 45. Kc4 Bg5 46. Kb5 c4 47. Bd4 Ra8 48. a7 c3 49. Bxc3 Be3 50. Bb4+ Ke8 51. Bc5 Bxc5 52. Kxc5 Kd7 53. Kb6 1-0

[Event "ESP-chT CECLUB Div1"]
[Site "Linares"]
[Date "2023.08.20"]
[Round "1.5"]
[White "Garcia Gimenez, Santiago"]
[Black "Rodriguez Ferreiros, Andres"]
[Result "1-0"]
[WhiteElo "2180"]
[BlackElo "2130"]
[PlyCount "115"]
[EventDate "2023.08.20"]
[EventType "team-tourn"]
[EventRounds "7"]
[EventCountry "ESP"]
[SourceTitle "CBM 215 Extra"]
[Source "ChessBase"]
[SourceDate "2023.09.30"]
[SourceVersion "1"]
[SourceVersionDate "2023.09.30"]
[SourceQuality "1"]
[WhiteTeam "Xeraco CE"]
[BlackTeam "Sanxenxo Fontecarmoa"]
[WhiteTeamCountry "ESP"]
[BlackTeamCountry "ESP"]

1. e4 e6 2. d4 d5 3. Nd2 c5 4. exd5 Qxd5 5. Ngf3 cxd4 6. Bc4 Qd7 7. 0-0 Nc6 8. Nb3 Nf6 9. Qe2 Be7 10. Rd1 Qc7 11. Nbxd4 Nxd4 12. Rxd4 0-0 13. Bf4 Qa5 14. Ne5 Bc5 15. Rd3 b5 16. Rg3 bxc4 17. Qf3 g6 18. Qxa8 Qb6 19. Qf3 Bb7 20. Nxc4 Qa6 21. Qd3 Nh5 22. Bh6 Rc8 23. Rg4 f5 24. Rg5 Be7 25. Rxh5 Qxc4 26. Rh3 Qxc2 27. Qd4 Bf8 28. Bxf8 Qc1+ 29. Qd1 Qc6 30. Rg3 Kxf8 31. h4 Kf7 32. Qd4 a6 33. Rd1 Qd5 34. Qxd5 Bxd5 35. Ra3 Rc2 36. b3 Rc6 37. f3 Kf6 38. Rd2 h6 39. Kf2 g5 40. Ra4 Ke5 41. Rad4 Rc1 42. Rb4 Rc6 43. Rb8 Kf6 44. h5 g4 45. fxg4 fxg4 46. Rg8 Kf5 47. Rg6 Rc3 48. Re2 Kf4 49. Rxh6 g3+ 50. Ke1 Rc1+ 51. Kd2 Ra1 52. Kc3 Kg5 53. Rh8 Rg1 54. h6 Kg6 55. Kb4 e5 56. Rxe5 Bxg2 57. Rg8+ Kf6 58. Rh5 1-0

[Event "ESP-ch Rapid"]
[Site "Linares"]
[Date "2023.08.19"]
[Round "2"]
[White "Garcia Gimenez, Santiago"]
[Black "Lorenzo de la Riva, Lazaro"]
[Result "0-1"]
[WhiteElo "2180"]
[BlackElo "2404"]
[PlyCount "70"]
[EventDate "2023.08.19"]
[EventType "swiss (rapid)"]
[EventRounds "10"]
[EventCountry "ESP"]
[SourceTitle "CBM 215 Extra"]
[Source "ChessBase"]
[SourceDate "2023.09.30"]
[SourceVersion "1"]
[SourceVersionDate "2023.09.30"]
[SourceQuality "1"]

1. e4 c5 2. Nf3 Nc6 3. Bb5 g6 4. 0-0 Bg7 5. c3 Nf6 6. d3 0-0 7. h3 d6 8. Ba4 e5 9. Qe2 Nh5 10. Rd1 h6 11. Na3 a6 12. Nc2 Qf6 13. d4 b5 14. dxc5 dxc5 15. Bxb5 axb5 16. Qxb5 Ra5 17. Qe2 Nf4 18. Bxf4 exf4 19. b4 Ra8 20. b5 Ne5 21. Nxe5 Qxe5 22. a4 Qxc3 23. Ra3 Qb2 24. a5 f3 25. gxf3 Bxh3 26. b6 Rfb8 27. f4 Be6 28. Qd3 Qf6 29. Qf3 Qb2 30. Ne1 Bg4 31. Qxg4 Qxa3 32. f5 g5 33. Rd7 Qxa5 34. Qh5 Qxe1+ 35. Kh2 Qxf2+ 0-1

[Event "ESP-ch Rapid"]
[Site "Linares"]
[Date "2023.08.19"]
[Round "10"]
[White "Garcia Gimenez, Santiago"]
[Black "Suarez Gomez, Julio"]
[Result "0-1"]
[WhiteElo "2180"]
[BlackElo "2453"]
[PlyCount "96"]
[EventDate "2023.08.19"]
[EventType "swiss (rapid)"]
[EventRounds "10"]
[EventCountry "ESP"]
[SourceTitle "CBM 215 Extra"]
[Source "ChessBase"]
[SourceDate "2023.09.30"]
[SourceVersion "1"]
[SourceVersionDate "2023.09.30"]
[SourceQuality "1"]

1. e4 e6 2. d4 d5 3. Nc3 Bb4 4. exd5 exd5 5. Bd3 Nf6 6. Nge2 0-0 7. 0-0 c6 8. a3 Bd6 9. Bf4 Re8 10. h3 Bxf4 11. Nxf4 Nbd7 12. Qf3 Nf8 13. Rfe1 Rxe1+ 14. Rxe1 Qb6 15. Nh5 Nxh5 16. Qxh5 Be6 17. Qe5 Qxb2 18. Na4 Qxa3 19. Nc5 b6 20. Nxe6 fxe6 21. Qc7 c5 22. Re3 Qa1+ 23. Kh2 Qa4 24. Rf3 Qe8 25. Bb5 Qb8 26. Rf7 Qxc7+ 27. Rxc7 a6 28. Bc6 Rb8 29. dxc5 bxc5 30. Kg3 Rb4 31. Be8 g6 32. Bf7+ Kh8 33. Rxc5 Kg7 34. Be8 Rb7 35. Ra5 Rb8 36. Ba4 Rb6 37. Rc5 g5 38. Rc7+ Kh6 39. Be8 Ng6 40. c4 Rb3+ 41. f3 d4 42. Rc6 Nf4 43. Kg4 Re3 44. g3 Nd3 45. h4 Ne5+ 46. Kh3 Nxc6 47. hxg5+ Kxg5 48. Bxc6 d3 0-1

[Event "ESP-ch Rapid"]
[Site "Linares"]
[Date "2023.08.19"]
[Round "9"]
[White "Moreno Ruiz, Javier"]
[Black "Garcia Gimenez, Santiago"]
[Result "0-1"]
[WhiteElo "2416"]
[BlackElo "2180"]
[PlyCount "125"]
[EventDate "2023.08.19"]
[EventType "swiss (rapid)"]
[EventRounds "10"]
[EventCountry "ESP"]
[SourceTitle "CBM 215 Extra"]
[Source "ChessBase"]
[SourceDate "2023.09.30"]
[SourceVersion "1"]
[SourceVersionDate "2023.09.30"]
[SourceQuality "1"]

1. d4 Nf6 2. c4 g6 3. Nc3 d5 4. cxd5 Nxd5 5. e4 Nxc3 6. bxc3 Bg7 7. Bc4 c5 8. Ne2 Nc6 9. Be3 0-0 10. 0-0 Bg4 11. f3 Bd7 12. Rb1 Qc7 13. Qd2 Rfd8 14. Rfc1 Rac8 15. Bf4 e5 16. Bg5 Re8 17. dxe5 Nxe5 18. Bd5 b5 19. a4 a6 20. axb5 axb5 21. Rd1 Bc6 22. Qe1 h6 23. Be3 Bf8 24. Qh4 Bxd5 25. Rxd5 Rcd8 26. Rxd8 Qxd8 27. Qxd8 Rxd8 28. Nf4 Nc4 29. Kf2 b4 30. cxb4 cxb4 31. Nd5 f5 32. Ke2 Kf7 33. Bd4 fxe4 34. fxe4 Ke6 35. Rf1 Be7 36. Kd3 Ne5+ 37. Bxe5 Kxe5 38. Rf7 Bg5 39. Rb7 Rf8 40. Rxb4 Rf2 41. Rb5 Rd2+ 42. Kc4 Kxe4 43. Nc3+ Kf4 44. Rb6 Rxg2 45. Rxg6 Rxh2 46. Rg8 Kf3 47. Nd5 Rh4+ 48. Kd3 Kg4 49. Ne3+ Kh5 50. Nf5 Rh3+ 51. Ke4 Rh2 52. Kf3 Ra2 53. Ng3+ Kh4 54. Nf5+ Kh3 55. Rg6 Ra3+ 56. Ke4 Kg4 57. Nd6 Ra4+ 58. Kd3 h5 59. Ne4 Ra5 60. Rxg5+ Rxg5 61. Nxg5 Kxg5 62. Ke2 Kg4 63. Ke1 0-1

[Event "ESP-chT CECLUB Div2"]
[Site "Linares"]
[Date "2022.08.22"]
[Round "1.5"]
[White "Garcia Gimenez, Santiago"]
[Black "Gillis Onieva, Celia"]
[Result "1-0"]
[WhiteElo "2193"]
[BlackElo "1892"]
[PlyCount "89"]
[EventDate "2022.08.22"]
[EventType "team-swiss"]
[EventRounds "7"]
[EventCountry "ESP"]
[SourceTitle "CBM 209 Extra"]
[Source "ChessBase"]
[SourceDate "2022.09.30"]
[SourceVersion "1"]
[SourceVersionDate "2022.09.30"]
[SourceQuality "1"]
[WhiteTeam "Xeraco CE"]
[BlackTeam "Miraflores Dimalsan"]
[WhiteTeamCountry "ESP"]
[BlackTeamCountry "ESP"]

1. Nf3 c5 2. e4 Nc6 3. Bb5 g6 4. 0-0 Bg7 5. c3 Nf6 6. Re1 0-0 7. d4 cxd4 8. cxd4 d5 9. e5 Ne4 10. Nc3 Nxc3 11. bxc3 Na5 12. a4 Bd7 13. Ba3 Rc8 14. Bb4 Nc4 15. Bxc4 Rxc4 16. a5 Bg4 17. h3 Bxf3 18. Qxf3 Qd7 19. Qg4 Qxg4 20. hxg4 Rfc8 21. Reb1 R8c7 22. Ra3 Bf8 23. Rab3 e6 24. Bd6 Bxd6 25. exd6 Rd7 26. Rxb7 Rxd6 27. Rxa7 Rd8 28. Rbb7 Rf8 29. Rc7 Rxc7 30. Rxc7 Ra8 31. Rc5 Rb8 32. Kf1 Rb2 33. a6 Ra2 34. Rc6 Kg7 35. g5 h6 36. f4 hxg5 37. fxg5 Kf8 38. Kg1 Ke7 39. Rc7+ Kd6 40. Ra7 Ra3 41. Kf2 Rxc3 42. Rxf7 Ra3 43. a7 e5 44. Rf6+ Ke7 45. Rxg6 1-0

[Event "ESP-ch 86th"]
[Site "Linares"]
[Date "2021.08.20"]
[Round "5"]
[White "Garcia Gimenez, Santiago"]
[Black "Samuel Lares, Jairo"]
[Result "0-1"]
[WhiteElo "2246"]
[BlackElo "2069"]
[PlyCount "116"]
[EventDate "2021.08.16"]
[EventType "swiss"]
[EventRounds "9"]
[EventCountry "ESP"]
[SourceTitle "CBM 204 Extra"]
[Source "ChessBase"]
[SourceDate "2021.11.30"]
[SourceVersion "1"]
[SourceVersionDate "2021.11.30"]
[SourceQuality "1"]

1. e4 c5 2. Nf3 Nc6 3. Bb5 g6 4. 0-0 Bg7 5. c3 Nf6 6. d4 cxd4 7. cxd4 d5 8. Ne5 Bd7 9. Nxd7 Nxd7 10. e5 0-0 11. Nc3 a6 12. Be2 e6 13. Bg4 Qb6 14. Ne2 Rae8 15. Be3 f6 16. exf6 Nxf6 17. Bh3 Ne4 18. b3 Nd6 19. Qd2 Nf5 20. Bxf5 exf5 21. Rac1 Rf7 22. Rfd1 Rfe7 23. Nf4 Qd8 24. g3 Rd7 25. h4 Re4 26. Qc3 Qe7 27. Kg2 Kf7 28. Rc2 h6 29. Nh3 Rd6 30. Qc5 Qd7 31. b4 Nd8 32. Qc3 Rc6 33. Qb3 Rxc2 34. Qxc2 Qc6 35. Qb2 Ne6 36. a3 Qb6 37. Qb3 Qb5 38. a4 Qc6 39. b5 axb5 40. axb5 Qc4 41. Qxc4 dxc4 42. d5 Nd4 43. Bxd4 Rxd4 44. Rxd4 Bxd4 45. Kf3 Ke7 46. Nf4 g5 47. hxg5 hxg5 48. Ne6 Bf6 49. Nc5 b6 50. Na4 Bd4 51. g4 fxg4+ 52. Ke4 Bxf2 53. Nc3 Be1 54. Ne2 Kd6 55. Nd4 g3 56. Nf5+ Kd7 57. Ne3 Bf2 58. Ng2 Kd6 0-1

[Event "ESP-ch U18"]
[Site "Salobrena"]
[Date "2021.07.26"]
[Round "1"]
[White "Romera Carrion, Ruben"]
[Black "Garcia Gimenez, Santiago"]
[Result "0-1"]
[WhiteElo "1783"]
[BlackElo "2267"]
[PlyCount "64"]
[EventDate "2021.07.26"]
[EventType "swiss"]
[EventRounds "9"]
[EventCountry "ESP"]
[SourceTitle "CBM 203 Extra"]
[Source "ChessBase"]
[SourceDate "2021.09.30"]
[SourceVersion "1"]
[SourceVersionDate "2021.09.30"]
[SourceQuality "1"]

1. e4 e5 2. Nf3 Nc6 3. Bb5 a6 4. Ba4 Nf6 5. 0-0 Be7 6. Re1 b5 7. Bb3 d6 8. h3 Na5 9. d4 exd4 10. e5 dxe5 11. Rxe5 c5 12. a4 Nxb3 13. cxb3 bxa4 14. Qe1 Be6 15. Bg5 axb3 16. Bxf6 Bxf6 17. Rxc5 0-0 18. Rc6 a5 19. Nbd2 Bd5 20. Rc5 Re8 21. Qf1 a4 22. Qb5 Bxf3 23. Nxf3 d3 24. Rd5 Qb8 25. Qxd3 Bxb2 26. Rd1 h6 27. Rd7 Ra7 28. Qc4 Rf8 29. Nh4 Rxd7 30. Rxd7 Be5 31. Nf5 b2 32. Nxh6+ gxh6 0-1

[Event "Alicante Easter op 5th"]
[Site "Alicante"]
[Date "2021.04.04"]
[Round "9"]
[White "Garcia Gimenez, Santiago"]
[Black "Granero Roca, Antonio"]
[Result "0-1"]
[WhiteElo "2266"]
[BlackElo "2374"]
[PlyCount "128"]
[EventDate "2021.03.31"]
[EventType "swiss"]
[EventRounds "9"]
[EventCountry "ESP"]
[SourceTitle "CBM 201 Extra"]
[Source "ChessBase"]
[SourceDate "2021.05.31"]
[SourceVersion "1"]
[SourceVersionDate "2021.05.31"]
[SourceQuality "1"]

1. e4 e5 2. Nf3 Nc6 3. Bc4 Bc5 4. c3 Nf6 5. d3 d6 6. 0-0 0-0 7. a4 a5 8. Na3 Bb6 9. Bb3 Qe7 10. Nc4 Ba7 11. h3 h6 12. Be3 Bxe3 13. Nxe3 Be6 14. Re1 Rab8 15. Nd5 Qd8 16. d4 exd4 17. Nxd4 Bxd5 18. exd5 Nxd4 19. Qxd4 Qd7 20. Bc2 Rbe8 21. Kf1 b6 22. Bd3 Rxe1+ 23. Rxe1 Re8 24. Rxe8+ Qxe8 25. f4 Kf8 26. Kf2 Qe7 27. g3 Qd7 28. g4 Qe7 29. b4 Nd7 30. Qe3 Qh4+ 31. Kg2 Qe7 32. Qxe7+ Kxe7 33. Be4 g5 34. Kf3 gxf4 35. Kxf4 Kf6 36. h4 Ne5 37. Bc2 Nc4 38. Ke4 Ne5 39. Bd1 Ng6 40. h5 Ne5 41. Kf4 axb4 42. cxb4 Nd3+ 43. Ke3 Nxb4 44. Kd4 Na6 45. Kc4 Ke5 46. Kb5 Nb8 47. Bc2 f6 48. Bb3 Kd4 49. Ba2 Ke4 50. Bb3 Ke3 51. Bc2 Kd4 52. Bb3 Ke3 53. Bc2 Kd4 54. Bb3 Kc3 55. Bd1 Kd4 56. Bb3 Ke4 57. a5 bxa5 58. Kxa5 Nd7 59. Ba2 Nb6 60. Kb5 Nxd5 61. Bb1+ Ke5 62. Kc6 Ne3 63. Kxc7 Nxg4 64. Kd7 f5 0-1

[Event "Alicante Easter op 5th"]
[Site "Alicante"]
[Date "2021.04.02"]
[Round "5"]
[White "Garcia Gimenez, Santiago"]
[Black "Diaz Camallonga, Carles"]
[Result "1-0"]
[WhiteElo "2266"]
[BlackElo "2469"]
[PlyCount "59"]
[EventDate "2021.03.31"]
[EventType "swiss"]
[EventRounds "9"]
[EventCountry "ESP"]
[SourceTitle "CBM 201 Extra"]
[Source "ChessBase"]
[SourceDate "2021.05.31"]
[SourceVersion "1"]
[SourceVersionDate "2021.05.31"]
[SourceQuality "1"]

1. e4 e6 2. d4 d5 3. Nd2 c5 4. exd5 Qxd5 5. Ngf3 cxd4 6. Bc4 Qd6 7. 0-0 Nf6 8. Nb3 Nc6 9. Nbxd4 Nxd4 10. Nxd4 Be7 11. c3 0-0 12. Qf3 Qc7 13. Bb3 Bd7 14. h3 b5 15. Re1 Rfe8 16. Bf4 Qb6 17. Rad1 Rac8 18. Be5 a5 19. Re3 Red8 20. Qg3 Nh5 21. Qf3 Nf6 22. g4 a4 23. Bc2 h6 24. h4 Bc6 25. Nxc6 Rxd1+ 26. Qxd1 Qxc6 27. g5 Rd8 28. Rd3 Nd5 29. gxh6 g6 30. Rxd5 1-0

[Event "Sitges Sunway 7th"]
[Site "Sitges"]
[Date "2020.12.20"]
[Round "7"]
[White "Ezquerro Luque, Albert"]
[Black "Garcia Gimenez, Santiago"]
[Result "0-1"]
[WhiteElo "2101"]
[BlackElo "2300"]
[PlyCount "110"]
[EventDate "2020.12.13"]
[EventType "swiss"]
[EventRounds "10"]
[EventCountry "ESP"]
[SourceTitle "CBM 199 Extra"]
[Source "ChessBase"]
[SourceDate "2021.01.31"]
[SourceVersion "1"]
[SourceVersionDate "2021.01.31"]
[SourceQuality "1"]

1. e4 e5 2. Nc3 Nf6 3. g3 Bc5 4. Bg2 Nc6 5. Nge2 a6 6. 0-0 d6 7. d3 0-0 8. h3 Be6 9. Kh2 d5 10. f4 d4 11. Nb1 Ne8 12. f5 Bd7 13. g4 Be7 14. Nd2 Nd6 15. Nf3 f6 16. c3 dxc3 17. bxc3 Be8 18. h4 Bf7 19. Be3 b5 20. Ng3 a5 21. g5 Kh8 22. Qe2 Re8 23. Rfd1 Qc8 24. Ne1 b4 25. c4 Nb7 26. Nh5 Rg8 27. Bh3 Qe8 28. Ng3 Bc5 29. Bc1 Nd4 30. Qg4 h5 31. Nxh5 Bxh5 32. Qg2 Bxd1 33. g6 Bh5 34. Bg4 Bxg6 35. fxg6 Qxg6 36. h5 Qh7 37. Nf3 g6 38. h6 Nd6 39. Qh3 Rae8 40. Nxd4 Bxd4 41. Rb1 f5 42. Bg5 Rgf8 43. exf5 gxf5 44. Bh5 Re6 45. Rh1 Nf7 46. Bc1 Nxh6 47. Kg2 Ref6 48. Kf1 f4 49. Bg4 Rg8 50. Be6 Rxe6 51. Qxe6 Qxd3+ 52. Ke1 Bc3+ 53. Kf2 Qg3+ 54. Ke2 Qg2+ 55. Kd3 Rd8+ 0-1

[Event "Sitges Sunway 7th"]
[Site "Sitges"]
[Date "2020.12.17"]
[Round "5"]
[White "Perez Bolanos, Joel"]
[Black "Garcia Gimenez, Santiago"]
[Result "0-1"]
[WhiteElo "2058"]
[BlackElo "2300"]
[PlyCount "70"]
[EventDate "2020.12.13"]
[EventType "swiss"]
[EventRounds "10"]
[EventCountry "ESP"]
[SourceTitle "CBM 199 Extra"]
[Source "ChessBase"]
[SourceDate "2021.01.31"]
[SourceVersion "1"]
[SourceVersionDate "2021.01.31"]
[SourceQuality "1"]

1. e4 e5 2. Nf3 Nc6 3. Bb5 a6 4. Ba4 Nf6 5. 0-0 Be7 6. Re1 b5 7. Bb3 d6 8. a4 Bd7 9. h3 Na5 10. Bd5 Nxd5 11. exd5 0-0 12. d4 exd4 13. Nxd4 b4 14. Bd2 Rb8 15. c3 Bf6 16. cxb4 Bxd4 17. bxa5 Qf6 18. Be3 Bxb2 19. Ra2 Rfe8 20. Nd2 Bc3 21. Qe2 Qg6 22. Kh2 Bf5 23. Qxa6 Be4 24. Nxe4 Bxe1 25. Nd2 Rxe3 26. fxe3 Qg3+ 27. Kg1 Bxd2 28. Rxd2 Rb1+ 29. Qf1 Qxe3+ 30. Rf2 Rxf1+ 31. Kxf1 Qc1+ 32. Ke2 Qc2+ 33. Kf3 Qxa4 34. Rb2 g6 35. Rb7 Qxa5 0-1

[Event "Sitges Sunway 7th"]
[Site "Sitges"]
[Date "2020.12.14"]
[Round "2"]
[White "Garcia Gimenez, Santiago"]
[Black "Bellahcene, Bilel"]
[Result "0-1"]
[WhiteElo "2300"]
[BlackElo "2510"]
[PlyCount "54"]
[EventDate "2020.12.13"]
[EventType "swiss"]
[EventRounds "10"]
[EventCountry "ESP"]
[SourceTitle "CBM 199 Extra"]
[Source "ChessBase"]
[SourceDate "2021.01.31"]
[SourceVersion "1"]
[SourceVersionDate "2021.01.31"]
[SourceQuality "1"]

1. e4 c5 2. Nf3 d6 3. Nc3 Nf6 4. e5 dxe5 5. Nxe5 a6 6. a4 Qc7 7. d4 e6 8. Bf4 Bd6 9. Bg3 0-0 10. Be2 Rd8 11. Qd2 Nc6 12. Nxc6 bxc6 13. Rd1 Bxg3 14. hxg3 cxd4 15. g4 Bb7 16. Nb1 c5 17. Bf3 Bxf3 18. gxf3 Qb7 19. Rh3 Qxb2 20. Qd3 c4 21. Qxc4 Rac8 22. Qxa6 Qxc2 23. Nd2 Nd5 24. Rh1 Rc6 25. Qa5 Rdc8 26. Ne4 Qb3 27. Nd2 Qxd1+ 0-1

[Event "ESP-ch U18"]
[Site "Salobrena"]
[Date "2020.08.22"]
[Round "9"]
[White "Rodriguez del Cerro, Ricardo"]
[Black "Garcia Gimenez, Santiago"]
[Result "0-1"]
[WhiteElo "2217"]
[BlackElo "2185"]
[PlyCount "56"]
[EventDate "2020.08.17"]
[EventType "swiss"]
[EventRounds "9"]
[EventCountry "ESP"]
[SourceTitle "CBM 197 Extra"]
[Source "ChessBase"]
[SourceDate "2020.09.30"]
[SourceVersion "1"]
[SourceVersionDate "2020.09.30"]
[SourceQuality "1"]

1. Nf3 Nf6 2. c4 g6 3. Nc3 d5 4. cxd5 Nxd5 5. e3 Bg7 6. h4 0-0 7. h5 c5 8. hxg6 hxg6 9. Nxd5 Qxd5 10. Qa4 Nc6 11. Qh4 Rd8 12. Bc4 Qf5 13. Qh7+ Kf8 14. d3 Ne5 15. e4 Nxf3+ 16. gxf3 Qxf3 17. Rh4 g5 18. Bxg5 Bg4 19. Kf1 Rd6 20. Bh6 Rxh6 21. Rxh6 e6 22. Rh2 Be5 23. d4 cxd4 24. Qh6+ Ke7 25. Qg5+ Kd6 26. Qd2 Bxh2 27. Qb4+ Ke5 28. Qc5+ Kf6 0-1

[Event "Valencian Community"]
[Site "Alfafar"]
[Date "2020.07.19"]
[Round "6"]
[White "Garcia Gimenez, Santiago"]
[Black "Aymerich Rosell, Pablo"]
[Result "1-0"]
[WhiteElo "2065"]
[BlackElo "2094"]
[PlyCount "139"]
[EventDate "2020.07.16"]
[EventType "tourn"]
[EventRounds "7"]
[EventCountry "ESP"]
[EventCategory "2"]
[SourceTitle "CBM 197 Extra"]
[Source "ChessBase"]
[SourceDate "2020.09.30"]
[SourceVersion "1"]
[SourceVersionDate "2020.09.30"]
[SourceQuality "1"]

1. e4 c5 2. Nf3 Nc6 3. Bb5 Nf6 4. e5 Nd5 5. 0-0 g6 6. c3 Bg7 7. d4 cxd4 8. cxd4 0-0 9. Nc3 Nc7 10. Ba4 d6 11. Qe2 Bg4 12. Rd1 Qc8 13. exd6 exd6 14. Be3 Qf5 15. h3 Bxf3 16. Qxf3 Qxf3 17. gxf3 Na5 18. Rac1 Nc4 19. Bb3 Nxe3 20. fxe3 Rad8 21. Nd5 Nxd5 22. Bxd5 Rd7 23. Rc3 Re8 24. Kf2 Bf6 25. Rdc1 Bh4+ 26. Kg2 Rde7 27. Rc7 b6 28. f4 Rxc7 29. Rxc7 Re7 30. Rc8+ Kg7 31. Kf3 h5 32. e4 Bf6 33. e5 dxe5 34. fxe5 Bg5 35. Bb3 Bh4 36. a4 Be1 37. Bc4 Bd2 38. Ke4 g5 39. Kf5 h4 40. b3 Bf4 41. Rc6 Be3 42. Ke4 Bf4 43. Be2 Bg3 44. Bg4 Bh2 45. Bf5 Bf4 46. Rc8 Bg3 47. Kd5 Be1 48. Kc6 Bc3 49. Rd8 Bb4 50. Rd5 Ba3 51. Rd8 Bb4 52. Kb5 Bc3 53. Kc4 Be1 54. Rc8 Bd2 55. Kd3 Bf4 56. Ke4 Bg3 57. Rd8 Bf4 58. Bd7 Bg3 59. Kf5 Bf4 60. b4 Bd2 61. d5 Bf4 62. e6 fxe6+ 63. Bxe6 Rc7 64. d6 Rc3 65. Rg8+ Kh7 66. d7 Bc7 67. d8Q Bxd8 68. Rxd8 Rxh3 69. Kf6 Rf3+ 70. Bf5+ 1-0

[Event "Valencian Community"]
[Site "Alfafar"]
[Date "2020.07.18"]
[Round "5"]
[White "Cruz Lledo, Pablo"]
[Black "Garcia Gimenez, Santiago"]
[Result "1-0"]
[WhiteElo "2470"]
[BlackElo "2065"]
[PlyCount "47"]
[EventDate "2020.07.16"]
[EventType "tourn"]
[EventRounds "7"]
[EventCountry "ESP"]
[EventCategory "2"]
[SourceTitle "CBM 197 Extra"]
[Source "ChessBase"]
[SourceDate "2020.09.30"]
[SourceVersion "1"]
[SourceVersionDate "2020.09.30"]
[SourceQuality "1"]

1. d4 Nf6 2. c4 g6 3. Nf3 Bg7 4. g3 0-0 5. Bg2 d5 6. cxd5 Nxd5 7. 0-0 Nc6 8. e3 Re8 9. Re1 Nb6 10. Nc3 e5 11. d5 Na5 12. e4 c6 13. b3 Bg4 14. Ba3 cxd5 15. exd5 e4 16. Nxe4 Nxd5 17. Rc1 Nc6 18. Nd6 Rxe1+ 19. Qxe1 Rb8 20. Nxb7 Qf6 21. Bd6 Bxf3 22. Bxb8 Bxg2 23. Qe8+ Bf8 24. Rxc6 1-0

[Event "Valencian Community"]
[Site "Alfafar"]
[Date "2020.07.17"]
[Round "3"]
[White "Garcia Gil, Bernardino"]
[Black "Garcia Gimenez, Santiago"]
[Result "0-1"]
[WhiteElo "2293"]
[BlackElo "2065"]
[PlyCount "107"]
[EventDate "2020.07.16"]
[EventType "tourn"]
[EventRounds "7"]
[EventCountry "ESP"]
[EventCategory "2"]
[SourceTitle "CBM 197 Extra"]
[Source "ChessBase"]
[SourceDate "2020.09.30"]
[SourceVersion "1"]
[SourceVersionDate "2020.09.30"]
[SourceQuality "1"]

1. e4 e5 2. Nc3 Nf6 3. g3 Bc5 4. Bg2 Nc6 5. Nge2 a6 6. d3 d6 7. Nd5 Bg4 8. c3 Nxd5 9. exd5 Ne7 10. h3 Bh5 11. g4 Bg6 12. d4 Ba7 13. Qb3 0-0 14. Be3 Qd7 15. dxe5 Bxe3 16. fxe3 dxe5 17. e4 Qb5 18. Qa3 Nc8 19. c4 Qxc4 20. Rc1 Qb5 21. Rxc7 Qb6 22. Qc5 Qxc5 23. Rxc5 Nd6 24. Nc3 Rfc8 25. Rxc8+ Rxc8 26. Kd2 b5 27. Kd3 Kf8 28. Rc1 a5 29. Ne2 Rxc1 30. Nxc1 Nc4 31. Kc3 Ke7 32. b4 a4 33. Nd3 f6 34. Nc5 Nd6 35. Kd3 Be8 36. Ke3 Bd7 37. Bf1 Bc8 38. Nd3 Nc4+ 39. Ke2 g6 40. Bg2 Kd6 41. Nc5 f5 42. gxf5 gxf5 43. exf5 Bxf5 44. Nb7+ Kc7 45. Nc5 Bb1 46. Be4 Bxa2 47. Bxh7 Nb6 48. Bg8 Bxd5 49. Bxd5 Nxd5 50. h4 Kd6 51. Kd2 Nxb4 52. h5 Nd5 53. h6 Nf6 54. Na6 0-1

[Event "Valencian Community"]
[Site "Alfafar"]
[Date "2020.07.17"]
[Round "2"]
[White "Garcia Gimenez, Santiago"]
[Black "Valmana Canto, Jaime"]
[Result "0-1"]
[WhiteElo "2065"]
[BlackElo "2429"]
[PlyCount "146"]
[EventDate "2020.07.16"]
[EventType "tourn"]
[EventRounds "7"]
[EventCountry "ESP"]
[EventCategory "2"]
[SourceTitle "CBM 197 Extra"]
[Source "ChessBase"]
[SourceDate "2020.09.30"]
[SourceVersion "1"]
[SourceVersionDate "2020.09.30"]
[SourceQuality "1"]

1. e4 e6 2. d4 d5 3. Nd2 Ne7 4. Ngf3 g6 5. c3 Bg7 6. Be2 b6 7. 0-0 0-0 8. Re1 c5 9. dxc5 bxc5 10. exd5 exd5 11. Nb3 Qd6 12. Be3 Nd7 13. Qd2 Bb7 14. Bb5 Nc6 15. Rad1 a6 16. Qxd5 Qxd5 17. Rxd5 Nce5 18. Nxe5 Nxe5 19. Rxe5 Bxe5 20. Bxc5 Rfd8 21. Bf1 Bf6 22. f3 Bd5 23. c4 Be6 24. Ba3 Rac8 25. Re4 Rd1 26. Kf2 Rb1 27. Nd4 Rxf1+ 28. Kxf1 Bxc4+ 29. Ne2 Bxa2 30. Kf2 Bd5 31. Re3 h5 32. Nc3 Bc4 33. Re4 Kg7 34. Bd6 Rc6 35. Bf4 Bd3 36. Rb4 Be7 37. Rb8 Re6 38. Be3 Bh4+ 39. g3 Bf6 40. f4 Rc6 41. Rb6 Rxb6 42. Bxb6 Kf8 43. Ke3 Bc4 44. Bd4 Be7 45. Ne4 f5 46. Nc5 Bb5 47. Ne6+ Kf7 48. Nc5 h4 49. Nb3 Ke6 50. Nd2 h3 51. Nf3 Kd5 52. Nh4 Be8 53. Nf3 Bb5 54. Nh4 Bb4 55. Nf3 Bf1 56. Ba7 Bg2 57. Nh4 Be4 58. Kf2 Bd2 59. Nxg6 Bc1 60. b3 Bc2 61. Be3 Ba3 62. Nh4 a5 63. Bd2 Bc5+ 64. Ke1 Bb6 65. Bc3 Ke4 66. b4 a4 67. Kd2 Bb3 68. Bb2 Bg1 69. Ke2 Bc4+ 70. Ke1 Bb5 71. Ba3 Bd4 72. Kd2 Bf2 73. Ng6 Bxg3 0-1